01740cam a22004214i 4500003000900000005001700009008004100026020001500067020001800082035002000100040003300120082002100153100003800174245011300212250002000325264007700345300004100422336002100463337002500484338002300509504004000532505047100572526001001043526001001053526001001063526001001073526000801083526000801091526000801099526000801107526000801115526000801123526000801131650004401139650004901183650005801232700002801290PE-LiUPU20250731172906.0170124s2016 miu rb 000 0 eng d a0802874053 a9780802874054 a(Sirsi) a166461 aPE-LiUPUbspacPE-LiUPUerda04a270.072bB812231 aBradley, James E.,d1944-eautor.04aChurch history :ban introduction to research methods and resources /cJames E. Bradley & Richard A. Muller. aSecond edition. 1aGrand Rapids, Michigan :bWilliam B. Eerdmans Publishing Company,c2016. axxi, 293 páginas ;c23 centimetros atext2rdacontent aunmediated2rdamedia avolume2rdacarrier aBibliografía : páginas 175-271.0 aIntroduction to church history and related disciplines -- Perspective and meaning in history -- The initial stages of research and the use of bibliographic and reference sources -- Research in primary sources and the use of text databases and materials in microform -- The practice of research and the craft of writing -- Preparing lectures and writing monographs and articles -- Selected aids to the study of church history and historical theology : a bibliography. aSEG42 aSEG41 aSEG40 aSEG39 aP94 aP87 aP86 aP85 aP77 aP76 aP3507aHistoria de la iglesiaxBibliografía.07aHistoria de la Iglesia-Libros de referencia.07aHistoria de la Iglesia-Investigación-Metodología.1 aCarson, D. A.,eeditor.